Kulliyat -e- Adam (Record no. 534252)

000 -LEADER
fixed length control field 00337nam a22001337a 4500
020 ## - INTERNATIONAL STANDARD BOOK NUMBER
International Standard Book Number 99913191
040 ## - CATALOGING SOURCE
Transcribing agency MSOHAIL
082 ## - DEWEY DECIMAL CLASSIFICATION NUMBER
Classification number 891.4391
100 ## - MAIN ENTRY--PERSONAL NAME
Personal name Abdul Hameed Adam / عبدالحمید عدم .
9 (RLIN) 28417
245 ## - TITLE STATEMENT
Title Kulliyat -e- Adam
260 ## - PUBLICATION, DISTRIBUTION, ETC.
Place of publication, distribution, etc. Lahore
Name of publisher, distributor, etc. Al-Hamd Publications
Date of publication, distribution, etc. c2009
300 ## - PHYSICAL DESCRIPTION
Extent 1246;p
942 ## - ADDED ENTRY ELEMENTS (KOHA)
Source of classification or shelving scheme
Koha item type Book
Holdings
Withdrawn status Lost status Source of classification or shelving scheme Damaged status Not for loan Permanent Location Current Location Date acquired Total Checkouts Full call number Barcode Date last seen Price effective from Koha item type
          School of Civil and Environmental Engineering (SCEE) School of Civil and Environmental Engineering (SCEE) 02/10/2020   891.4391 NIT-9696 02/10/2020 02/10/2020 Book
© 2023 Central Library, National University of Sciences and Technology. All Rights Reserved.